[Event "ICS rated blitz match"]
[Site "204.178.125.65"]
[Date "1999.09.18"]
[Round "?"]
[White "Hossa"]
[Black "blik"]
[Result "0-1"]
[WhiteElo "2520"]
[BlackElo "2534"]
[PlyCount "97"]
[EventDate "1999.??.??"]

1. d4 Nf6 2. c4 g6 3. Nc3 Bg7 4. e4 d6 5. f3 O-O 6. Be3 Nc6 7. Kf2 e5 8. d5 Nb8
9. Nge2 Na6 10. a3 Nc5 11. Rg1 a5 12. Bxc5 dxc5 13. Ng3 h5 14. b3 h4 15. Nh1
Bh6 16. Rb1 Bd7 17. Bd3 Bg5 18. Re1 h3 19. g3 Qe7 20. Kg1 Rfd8 21. Nf2 Qf8 22.
f4 exf4 23. gxf4 Bxf4 24. Qf3 Qd6 25. Qh1 Qe5 26. Ncd1 a4 27. bxa4 Rxa4 28.
Rxb7 Rxa3 29. Rb1 Bd2 30. Re2 Qg5+ 31. Kf1 Qf4 32. Rxd2 Qxd2 33. e5 Ng4 34. e6
fxe6 35. Qe4 exd5 36. Qxd5+ Kh8 37. Nxg4 Rf8+ 38. Ngf2 Qxd3+ 39. Qxd3 Rxd3 40.
Kg1 Rd2 41. Rb2 Re8 42. Kf1 Bc6 43. Ne3 Rxb2 44. Nd3 Rd2 45. Nf4 Rxe3 46. Nd5
Bxd5 47. cxd5 Rg2 48. d6 Rc3 49. Ke1 {Hossa resigns} 0-1

[Event "ICS rated blitz match"]
[Site "204.178.125.65"]
[Date "1999.09.18"]
[Round "?"]
[White "Hossa"]
[Black "blik"]
[Result "0-1"]
[WhiteElo "2523"]
[BlackElo "2531"]
[PlyCount "155"]
[EventDate "1999.??.??"]

1. d4 d5 2. c4 c6 3. Nc3 Nf6 4. Nf3 dxc4 5. e4 b5 6. e5 Nd5 7. a4 e6 8. axb5
Nxc3 9. bxc3 cxb5 10. Bg5 Qd5 11. Nd2 a5 12. Be2 Bb7 13. Bf3 Qd7 14. Bxb7 Qxb7
15. O-O Qd5 16. Qe2 Nc6 17. Rfc1 h6 18. Be3 a4 19. Rcb1 Be7 20. Qg4 Kf8 21. Rc1
Na5 22. Rab1 Nb3 23. Rc2 a3 24. Ra2 b4 25. Ne4 Rd8 26. Kh1 h5 27. Qf4 bxc3 28.
Nxc3 Qa5 29. Ne2 Qa8 30. f3 Qa5 31. Qg3 Rd5 32. Qf2 Rb5 33. Qf1 Kg8 34. f4 g6
35. Qd1 h4 36. Kg1 h3 37. Qc2 Rb4 38. Nc3 hxg2 39. Qxg2 Rb8 40. Rc2 Rd8 41. Rd1
Rh4 42. Qf3 Qb6 43. d5 Bc5 44. Bxc5 Qxc5+ 45. Kh1 exd5 46. Nxd5 Kh8 47. Qg3 Rh5
48. Qxb3 Rxd5 49. Qf3 Rxd1+ 50. Qxd1 Qc6+ 51. Kg1 Qb6+ 52. Kg2 Qb3 53. e6 Qb7+
54. Kg3 Qb3+ 55. Kg2 Qh3+ 56. Kh1 Qxe6 57. Qd4+ Kh7 58. Qxc4 Rd5 59. Qe2 Qd7
60. Ra2 Rd1+ 61. Kg2 Qd5+ 62. Kf2 Rd4 63. Kg3 Rd3+ 64. Kf2 Rc3 65. Kg1 Qd4+ 66.
Kg2 Qxf4 67. Rd2 Qg5+ 68. Kf1 Rc1+ 69. Kf2 Qg1+ 70. Kf3 Rf1+ 71. Ke4 Re1 72. h4
Rxe2+ 73. Rxe2 Qb1+ 74. Kf4 a2 75. Re7 Qf1+ 76. Kg3 a1=Q 77. Re3 Qd4 78. Kh2 {
Hossa resigns} 0-1

[Event "ICS rated blitz match"]
[Site "204.178.125.65"]
[Date "1999.09.18"]
[Round "?"]
[White "Hossa"]
[Black "blik"]
[Result "1-0"]
[WhiteElo "2497"]
[BlackElo "2557"]
[PlyCount "101"]
[EventDate "1999.??.??"]

1. d4 Nf6 2. c4 e6 3. Nf3 c5 4. Bg5 a6 5. Nc3 cxd4 6. Nxd4 Qc7 7. Bxf6 gxf6 8.
e4 f5 9. exf5 Qe5+ 10. Be2 Bg7 11. Nc2 Qxf5 12. O-O Nc6 13. Ne3 Qa5 14. Rc1
Bxc3 15. Rxc3 Qxa2 16. Qd2 Qa5 17. Ng4 Qf5 18. Rd3 h5 19. Qc3 e5 20. Ne3 Qg6
21. f4 Nd4 22. Rd2 f6 23. Nd5 Rb8 24. fxe5 fxe5 25. Rxd4 d6 26. Bd3 Qg5 27.
Nf6+ Ke7 28. Nd5+ Ke8 29. Qb4 Rh6 30. Nc7+ Ke7 31. Re4 b5 32. c5 Bb7 33. Re2
Rg8 34. g3 h4 35. Bf5 hxg3 36. cxd6+ Kd8 37. h3 g2 38. Rff2 Qg3 39. Qe1 Rxd6
40. Ne8 Rd4 41. Nf6 Rf8 42. Nh5 Qxf2+ 43. Rxf2 Rg8 44. Qa5+ Ke8 45. Rd2 Rg5 46.
Rxd4 Bd5 47. Rxd5 Rxf5 48. Qd8+ Kf7 49. Rd7+ Kg6 50. Rg7+ Kxh5 51. Qh8# {
blik checkmated} 1-0

[Event "ICS rated blitz match"]
[Site "204.178.125.65"]
[Date "1999.09.18"]
[Round "?"]
[White "Hossa"]
[Black "blik"]
[Result "0-1"]
[WhiteElo "2509"]
[BlackElo "2545"]
[Annotator "Fritz 5.32 (20s)"]
[PlyCount "97"]
[EventDate "1999.??.??"]

1. e4 1... c6 {Opening = B19 - 5.Ng3 Bg6 6.h4 h6 7.Nf3} 2. d4 d5 3. Nc3 dxe4 4.
Nxe4 Bf5 5. Ng3 Bg6 6. Nf3 Nd7 7. h4 h6 8. Be2 Ngf6 9. Bd2 $146 (9. Bf4 e6 10.
a3 Nb6 11. Ne5 Bh7 12. Bh5 g6 13. Be2 Bd6 14. Bxh6 Qc7 15. Bg7 Rg8 16. Bxf6 Nd5
17. Ne4 Qa5+ 18. b4 Qc7 19. c4 Nf4 20. Bf3 Be7 21. c5 O-O-O 22. O-O Bxf6 23.
Nxf6 23... Rg7 {Schumacher,D-Goetz,K/Pinneberg 1996/EXT 97/ - (60)}) 9... Qb6
10. Ne5 Nxe5 11. dxe5 Ne4 12. Nxe4 Bxe4 13. f3 Bh7 14. Bc3 e6 15. Qd2 Rd8 16.
Bd3 Bc5 17. Rh3 Be3 18. Qe2 Bxd3 19. cxd3 h5 20. Kd1 Bf4 21. Kc2 Rd5 22. g3 Be3
23. f4 Bc5 24. Qf3 g6 25. Rd1 O-O 26. Kb1 Kg7 27. g4 Rh8 28. g5 Rhd8 29. Rd2
Kg8 30. Qe4 Kf8 31. Rf3 a6 32. Rf1 Be3 33. Rdd1 a5 34. Rf3 Bc5 35. Qa4 Bg1 36.
Qa3+ Kg8 37. Qe7 Bc5 38. Qf6 Qc7 39. Bxa5 Qxa5 40. a3 Qb5 41. Ka2 (41. f5 {
holt die Kuh nicht vom Eis} 41... Bd4 $1 {huebsch} 42. Rd2 exf5 43. Rxf5 $19)
41... R8d7 {Schwarz droht Be7} 42. f5 Be7 43. fxe6 {Droht Matt: Qxf7} 43...
Bxf6 44. Rxf6 (44. exf7+ {aendert nichts am Ausgang der Partie} 44... Kxf7 45.
Rxf6+ 45... Kg7 $19) 44... fxe6 (44... Rxd3 $142 {
damit wuerde Schwarz es sich noch erleichtern} 45. exf7+ Kf8 46. Rxd3 Rxd3 47.
Rf1 Qd5+ 48. Ka1 $19) 45. Rxg6+ 45... Kf7 {Es droht Matt} 46. Rf6+ Ke7 47. Rh6
(47. Rf3 $19 {ist noch eine duenne Chance}) 47... Rxd3 48. Rh7+ Kd8 (48... Ke8
49. Rh8+ Kf7 50. g6+ Kg7 51. Rh7+ Kg8 52. Rh8+ Kxh8 53. g7+ Rxg7 54. Rxd3 Qxd3
55. a4 Qc4+ 56. b3 Rg2+ 57. Ka3 Qc5+ 58. b4 Qc3#) 49. Rh8+ 0-1

[Event "ICS rated blitz match"]
[Site "204.178.125.65"]
[Date "1999.09.18"]
[Round "?"]
[White "Hossa"]
[Black "blik"]
[Result "0-1"]
[WhiteElo "2482"]
[BlackElo "2572"]
[PlyCount "190"]
[EventDate "1999.??.??"]

1. e4 e6 2. d4 d5 3. Nd2 c5 4. exd5 Qxd5 5. dxc5 Bxc5 6. Ngf3 Nf6 7. Bc4 Qc6 8.
O-O Nbd7 9. c3 Qc7 10. Nd4 O-O 11. Nb5 Qb6 12. b4 Be7 13. Bb2 Ne5 14. Be2 Ng6
15. Qa4 Bd7 16. Qa5 Nf4 17. Bc4 Qxa5 18. bxa5 Ng4 19. a6 bxa6 20. Nd4 Rfb8 21.
Bc1 Bb5 22. a4 Bxc4 23. Nxc4 Nd5 24. f3 Ngf6 25. Bd2 Rc8 26. Ne5 Nxc3 27. Ndc6
Bc5+ 28. Kh1 Ncd5 29. Rab1 Rc7 30. Rfc1 Bb6 31. Bb4 Nxb4 32. Nxb4 Rxc1+ 33.
Rxc1 a5 34. Nbc6 Nd5 35. Rc4 f6 36. Nd3 e5 37. g4 Ne3 38. Rc3 Kh8 39. h3 Rc8
40. Rc1 a6 41. Nb2 f5 42. gxf5 Nxf5 43. Nd3 e4 44. fxe4 Ng3+ 45. Kg2 Nxe4 46.
Rc2 g5 47. Nde5 Nd6 48. Rd2 Ne4 49. Rc2 Kg7 50. Nd7 Ba7 51. Nde5 Bb8 52. Kf3
Bxe5 53. Kxe4 Bf4 54. Rc4 Re8+ 55. Kd4 Re1 56. Nxa5 Rd1+ 57. Ke4 Rh1 58. Rc3
Ra1 59. Rc4 Ra3 60. h4 Re3+ 61. Kd4 gxh4 62. Kd5 Re5+ 63. Kc6 Bg5 64. Nb3 h3
65. Rd4 h2 66. Rd1 Re6+ 67. Kd5 Re8 68. Rh1 Re2 69. Nc5 a5 70. Ne6+ Kg6 71. Nd4
Rd2 72. Kc4 Bf4 73. Nf3 Rb2 74. Kd5 Ra2 75. Ke6 Re2+ 76. Kd5 h5 77. Nd4 Ra2 78.
Nf3 Kh7 79. Ke4 Rxa4+ 80. Kf5 Bc7 81. Kg5 Ra3 82. Nd4 Rg3+ 83. Kxh5 Rg1 84.
Rxh2 Bxh2 85. Ne2 a4 86. Nc3 a3 87. Kh4 Rc1 88. Nd5 a2 89. Nf6+ Kg6 90. Nd5
a1=Q 91. Ne7+ Kf7 92. Nd5 Rc4+ 93. Nf4 Rxf4+ 94. Kh3 Qg7 95. Kxh2 95... Rh4# {
Hossa checkmated} 0-1

[Event "ICS rated blitz match"]
[Site "204.178.125.65"]
[Date "1999.09.11"]
[Round "?"]
[White "Hossa"]
[Black "blitzy"]
[Result "0-1"]
[WhiteElo "2476"]
[BlackElo "2324"]
[PlyCount "90"]
[EventDate "1999.??.??"]

1. e4 c5 2. Nf3 Nc6 3. d4 cxd4 4. Nxd4 g6 5. c4 Nf6 6. Nxc6 bxc6 7. Bd3 Bg7 8.
O-O d6 9. Nc3 O-O 10. Bg5 h6 11. Bd2 Rb8 12. Qc1 Kh7 13. b3 Nd7 14. Rd1 Nc5 15.
Be3 Qa5 16. Bxc5 dxc5 17. Ne2 Bxa1 18. Qxa1 Rd8 19. Kh1 Rb7 20. Qb2 e5 21. f4
Bg4 22. fxe5 Rbd7 23. Rf1 Rxd3 24. Rxf7+ Kg8 25. e6 Qe1+ 26. Ng1 R8d4 27. Rxa7
Rd1 28. Ra8+ Kg7 29. Ra7+ Kf6 30. Qf2+ Qxf2 31. Rf7+ Kg5 32. Rxf2 Rxe4 33. h4+
Kxh4 34. Kh2 Ree1 35. e7 Rxg1 36. g3+ Kg5 37. Rf5+ Bxf5 38. e8=Q Rh1+ 39. Kg2
Bh3+ 40. Kf3 Rhf1+ 41. Ke2 Bg4+ 42. Ke3 Rf3+ 43. Ke2 Rf8+ 44. Ke3 Rxe8+ 45. Kf2
45... Re2# {Hossa checkmated} 0-1

[Event "ICS rated blitz match"]
[Site "204.178.125.65"]
[Date "1999.09.02"]
[Round "?"]
[White "Hossa"]
[Black "blunite"]
[Result "1-0"]
[WhiteElo "2535"]
[BlackElo "2257"]
[PlyCount "98"]
[EventDate "1999.??.??"]

1. e4 e6 2. d4 d5 3. Nc3 Bb4 4. e5 c5 5. a3 Bxc3+ 6. bxc3 Ne7 7. Bd3 c4 8. Be2
Qa5 9. Bd2 Bd7 10. Bh5 g6 11. Bf3 Ba4 12. Ne2 Nd7 13. Rb1 O-O-O 14. O-O Nc6 15.
Bg5 Rde8 16. Re1 h6 17. Bf4 Qd8 18. Qc1 g5 19. Be3 b6 20. Qd2 Reg8 21. Bh5 Qe7
22. Ng3 Rg7 23. Bg4 Rhg8 24. Qc1 Kb7 25. Nh5 Rh7 26. Qb2 Rg6 27. Ng3 Rg8 28.
Kh1 Rgh8 29. Qa2 h5 30. Bd1 Rg7 31. Ne2 Nf8 32. Qb2 Ng6 33. Qc1 Nh4 34. Kg1 Nf5
35. Ng3 Nxe3 36. fxe3 h4 37. Nh5 Rxh5 38. Bxh5 g4 39. Rf1 Nd8 40. Rf6 Rg5 41.
Rh6 Be8 42. Rh8 g3 43. h3 Nc6 44. e4 Bd7 45. Bf3 dxe4 46. Bxe4 f5 47. exf6 Qxf6
48. Rxh4 Qf2+ 49. Kh1 49... e5 {blunite resigns} 1-0

[Event "ICS rated blitz match"]
[Site "204.178.125.65"]
[Date "1999.08.29"]
[Round "?"]
[White "Hossa"]
[Black "blunite"]
[Result "0-1"]
[WhiteElo "2510"]
[BlackElo "2081"]
[PlyCount "120"]
[EventDate "1999.??.??"]

1. e4 e6 2. d4 d5 3. Nd2 Nf6 4. Bd3 c5 5. e5 Nfd7 6. c3 Nc6 7. Ne2 cxd4 8. cxd4
f6 9. Nf4 Qe7 10. Qh5+ Qf7 11. Bg6 hxg6 12. Qxh8 Nxd4 13. O-O Nxe5 14. Nb3 Nf5
15. Bd2 Bd7 16. Rac1 g5 17. Nh3 Nc4 18. Rc2 Qg6 19. Bb4 Kf7 20. Bc3 Re8 21. Na5
Ncd6 22. a3 Be7 23. Nxg5+ Qxg5 24. Qh3 b6 25. Nb3 Nc4 26. Nd4 Nxd4 27. Bxd4 Bd6
28. Rd1 Rd8 29. Be3 Nxe3 30. fxe3 e5 31. Qf3 Be6 32. Rc6 e4 33. h4 Qxh4 34. Qe2
Bg4 35. Rxd6 Bxe2 36. Rxd8 Bxd1 37. Rd7+ Kg6 38. Rxd5 Qg3 39. Rxd1 Qxe3+ 40.
Kf1 Qf4+ 41. Kg1 e3 42. b4 Qf2+ 43. Kh2 e2 44. Rb1 e1=Q 45. Rxe1 Qxe1 46. g3
Qa1 47. b5 Qxa3 48. Kh3 Qb4 49. Kg2 Qxb5 50. Kf2 Qb3 51. Kg2 Qe3 52. Kf1 Qxg3
53. Ke2 a5 54. Kd2 a4 55. Kc2 Qb3+ 56. Kd2 a3 57. Ke2 a2 58. Kd2 a1=Q 59. Ke2
Qaa2+ 60. Kf1 60... Qbb1# {Hossa checkmated} 0-1

[Event "ICS rated blitz match"]
[Site "204.178.125.65"]
[Date "1999.09.02"]
[Round "?"]
[White "Hossa"]
[Black "blunite"]
[Result "1-0"]
[WhiteElo "2545"]
[BlackElo "2247"]
[PlyCount "125"]
[EventDate "1999.??.??"]

1. e4 e6 2. d4 d5 3. Nc3 Bb4 4. e5 c5 5. a3 Bxc3+ 6. bxc3 Ne7 7. Bd3 c4 8. Be2
Qa5 9. Bd2 Bd7 10. Bh5 g6 11. Bf3 Ba4 12. Ne2 Nd7 13. O-O Nc6 14. Rb1 O-O-O 15.
Bg5 Rde8 16. Re1 h6 17. Bf4 Qd8 18. Qc1 g5 19. Be3 b6 20. Qd2 Reg8 21. Bh5 Qe7
22. Ng3 Rg7 23. Bg4 Rgh7 24. Ne2 Rg8 25. f3 h5 26. Rf1 hxg4 27. fxg4 Kb7 28.
Rf2 Rh4 29. Rbf1 Nd8 30. Rb1 Rxg4 31. Rb4 Bc6 32. a4 Rh4 33. a5 b5 34. Rf1 a6
35. Bf2 Rh7 36. Be3 Rh5 37. Ng3 Rh4 38. Ne2 Rh6 39. Rbb1 Rhg6 40. Ra1 Qf8 41.
Rf2 Qh6 42. Rf3 Qg7 43. Raf1 Ka8 44. Rg3 Bb7 45. Qc1 Nc6 46. Qa3 Qf8 47. Qxf8+
Rxf8 48. Bxg5 Nxa5 49. Be7 Rxg3 50. Nxg3 Re8 51. Rxf7 Bc6 52. Nh5 Nb7 53. Ng7
Rc8 54. Nxe6 Nb6 55. Nf4 a5 56. Kf2 b4 57. cxb4 a4 58. Nh3 a3 59. Rf3 c3 60.
Rxc3 Ba4 61. Rxa3 Rxc2+ 62. Kg3 Kb8 63. Bc5 {blunite resigns} 1-0

[Event "ICS rated blitz match"]
[Site "204.178.125.65"]
[Date "1999.08.28"]
[Round "?"]
[White "Hossa"]
[Black "blunite"]
[Result "1-0"]
[WhiteElo "2483"]
[BlackElo "2216"]
[PlyCount "75"]
[EventDate "1999.??.??"]

1. d4 Nf6 2. c4 e6 3. Nf3 c5 4. Bg5 Be7 5. Nc3 cxd4 6. Nxd4 a6 7. e3 O-O 8. Bd3
d6 9. O-O b6 10. Bxf6 Bxf6 11. Qf3 Ra7 12. Rad1 Bb7 13. Qh5 g6 14. Qh3 Nc6 15.
Nxc6 Bxc6 16. Rc1 Rc7 17. e4 Bd4 18. Qh6 Qa8 19. Rfd1 Bg7 20. Qe3 Qb7 21. Qf4
Rd8 22. b3 Be5 23. Qe3 Be8 24. Qg5 Rcd7 25. Rc2 Bg7 26. a3 Rc8 27. Qg4 f5 28.
exf5 gxf5 29. Qg5 Rf7 30. Be2 Qc7 31. Bh5 Rf6 32. Bxe8 Rxe8 33. Qf4 Rd8 34. Ne2
Rg6 35. Qf3 Be5 36. Rcd2 Qf7 37. Qc6 Qg7 38. f4 {blunite resigns} 1-0

[Event "ICS rated blitz match"]
[Site "204.178.125.65"]
[Date "1999.09.01"]
[Round "?"]
[White "Hossa"]
[Black "bookbuilder"]
[Result "0-1"]
[WhiteElo "2479"]
[BlackElo "2605"]
[PlyCount "128"]
[EventDate "1999.??.??"]

1. e4 e5 2. Nf3 Nc6 3. Bb5 a6 4. Ba4 Nf6 5. O-O Be7 6. Re1 b5 7. Bb3 d6 8. d3
Na5 9. Bd2 Nxb3 10. axb3 Bg4 11. Ba5 O-O 12. Nc3 Qd7 13. Re3 c5 14. b4 Rfc8 15.
bxc5 Rxc5 16. d4 exd4 17. Qxd4 Rc4 18. Qd3 Re8 19. Nd2 Rcc8 20. f3 Be6 21. Bb4
Qc6 22. Ree1 Nd7 23. Qd4 Bf6 24. Qe3 Be5 25. f4 Bf6 26. Ra3 Bd8 27. Kh1 Bb6 28.
Qe2 Nc5 29. Rea1 Ra8 30. Qf3 f6 31. Ba5 Bxa5 32. Rxa5 Nb7 33. Qd3 Nxa5 34. Rxa5
Qc5 35. Ra1 f5 36. Rd1 Rac8 37. Rc1 b4 38. Ne2 Bc4 39. Nxc4 Qxc4 40. Qd2 fxe4
41. Ng3 e3 42. Qxd6 Rcd8 43. Qb6 Qxc2 44. Rg1 Qxb2 45. Qxa6 e2 46. Qc4+ Kh8 47.
Nxe2 Rxe2 48. h3 b3 49. Kh2 Qc2 50. Qxc2 bxc2 51. Ra1 Kg8 52. Kg3 Rd1 53. Ra8+
Kf7 54. Rc8 Red2 55. Kg4 Rxg2+ 56. Kf3 Rgd2 57. Rc7+ Ke6 58. Ke3 Rh2 59. Kf3
c1=Q 60. Rxc1 Rxc1 61. Kg3 Rcc2 62. f5+ Kxf5 63. Kh4 Rc3 64. Kh5 64... Rhxh3# {
Hossa checkmated} 0-1

[Event "ICS rated blitz match"]
[Site "204.178.125.65"]
[Date "1999.09.06"]
[Round "?"]
[White "Hossa"]
[Black "bookbuilder"]
[Result "1/2-1/2"]
[WhiteElo "2456"]
[BlackElo "2680"]
[PlyCount "122"]
[EventDate "1999.??.??"]

1. e4 e6 2. d4 d5 3. exd5 exd5 4. Bd3 Nc6 5. c3 Bd6 6. Ne2 Nf6 7. O-O O-O 8.
Bf4 Re8 9. Bxd6 Qxd6 10. Nd2 Bg4 11. Re1 Re7 12. f3 Bd7 13. Nf1 Rae8 14. Qd2
Na5 15. b4 Nc4 16. Bxc4 dxc4 17. Nfg3 Nd5 18. Ne4 Qg6 19. a3 Bc6 20. a4 f5 21.
N4g3 Bd7 22. Qa2 Ne3 23. Nf4 Qf7 24. Re2 Nd5 25. Nxd5 Qxd5 26. Rae1 Rxe2 27.
Nxe2 Qe6 28. Kh1 Qe3 29. Qxc4+ Be6 30. Qxc7 Qd2 31. Rg1 Qxe2 32. Qxb7 Qd3 33.
Qxa7 Qxc3 34. b5 Qb4 35. b6 Qxd4 36. a5 Bc4 37. a6 Qd6 38. h3 Kh8 39. Rc1 Qf4
40. Rb1 Qd4 41. Qb7 Qd3 42. Ra1 Qd4 43. Rg1 Qd8 44. a7 Bd5 45. Qa6 Qd7 46. Rc1
Bb7 47. Qa5 Qd6 48. Qb5 Qe6 49. Rc7 Bxf3 50. b7 Bxg2+ 51. Kxg2 Qe4+ 52. Kh2
Qf4+ 53. Kg2 Qd2+ 54. Kg1 Re1+ 55. Qf1 Rxf1+ 56. Kxf1 Qd1+ 57. Kf2 Qd4+ 58. Kf3
Qd1+ 59. Kf2 Qd4+ 60. Kf3 Qe4+ 61. Kf2 61... Qd4+ {Game drawn by repetition}
1/2-1/2

[Event "ICS rated blitz match"]
[Site "204.178.125.65"]
[Date "1999.09.01"]
[Round "?"]
[White "Hossa"]
[Black "bookbuilder"]
[Result "0-1"]
[WhiteElo "2500"]
[BlackElo "2596"]
[PlyCount "154"]
[EventDate "1999.??.??"]

1. e4 e5 2. Nf3 Nc6 3. d4 exd4 4. Nxd4 Bc5 5. Nxc6 bxc6 6. Bc4 Qe7 7. O-O Nf6
8. Bg5 Qe5 9. Bxf6 Qxf6 10. Nd2 O-O 11. Qh5 d6 12. Nb3 Bb6 13. c3 Qf4 14. Rae1
Rb8 15. g3 Qg4 16. Qxg4 Bxg4 17. Kg2 Rfe8 18. f4 a5 19. Nc1 a4 20. Nd3 Ba5 21.
Rf2 a3 22. b4 Bb6 23. Rd2 Re7 24. e5 d5 25. Bb3 Ree8 26. Bd1 Bf5 27. g4 Bd7 28.
h4 Re7 29. Bf3 Rbe8 30. Kg3 Ra8 31. g5 Bc8 32. b5 cxb5 33. Nb4 Re8 34. Bxd5 Ra5
35. Bc6 Rf8 36. Rd5 Be6 37. Rxb5 Rxb5 38. Bxb5 Rd8 39. Re2 Rd1 40. c4 Rg1+ 41.
Rg2 Rh1 42. Rd2 h5 43. Rh2 Rg1+ 44. Kf3 Bg4+ 45. Ke4 Re1+ 46. Kd3 Bf5+ 47. Kd2
Ra1 48. Kc3 Ba5 49. Kb3 Rb1+ 50. Kxa3 Bxb4+ 51. Ka4 Bg4 52. Bc6 Bd1+ 53. Kb5
Bd2+ 54. Ka6 Rb6+ 55. Ka7 Be3 56. Rh3 Bc5 57. Bg2 Rb2+ 58. Ka6 Rxa2+ 59. Kb7
Rxg2 60. Rd3 Bg4 61. Kc6 Bf2 62. Kxc7 Bxh4 63. Rd4 Bg3 64. Rd8+ Kh7 65. Rd4 Rf2
66. c5 Bxf4 67. Kd6 Rd2 68. Rxd2 Bxd2 69. c6 h4 70. Ke7 Kg6 71. Ke8 Bxg5 72.
Kf8 h3 73. e6 Bxe6 74. c7 h2 75. c8=R Bxc8 76. Ke8 h1=Q 77. Kf8 77... Qh8# {
Hossa checkmated} 0-1

[Event "ICS rated blitz match"]
[Site "204.178.125.65"]
[Date "1999.09.02"]
[Round "?"]
[White "Hossa"]
[Black "bookbuilder"]
[Result "0-1"]
[WhiteElo "2493"]
[BlackElo "2648"]
[PlyCount "61"]
[EventDate "1999.??.??"]

1. d4 Nf6 2. c4 e6 3. Nc3 Bb4 4. Bg5 c5 5. Bxf6 Qxf6 6. e3 Nc6 7. Nge2 cxd4 8.
exd4 O-O 9. d5 exd5 10. cxd5 Re8 11. Rc1 Nd4 12. a3 Ba5 13. d6 Qxd6 14. b4 Bb6
15. Na4 Bd8 16. Nb2 Qd5 17. Nc4 Bh4 18. a4 Qg5 19. Rc3 Qf6 20. Kd2 Nxe2 21.
Bxe2 Qf4+ 22. Kd3 d5 23. Kc2 Qxf2 24. Qxd5 Rxe2+ 25. Kb3 Be6 26. Qxe6 fxe6 27.
g3 Bf6 28. Rhc1 Bxc3 29. Rxc3 Qe1 30. Na3 Qd1+ 31. Nc2 {Hossa resigns} 0-1

[Event "ICS rated blitz match"]
[Site "204.178.125.65"]
[Date "1999.09.08"]
[Round "?"]
[White "Hossa"]
[Black "bookbuilder"]
[Result "0-1"]
[WhiteElo "2529"]
[BlackElo "2592"]
[PlyCount "122"]
[EventDate "1999.??.??"]

1. e4 e6 2. d4 d5 3. Nc3 Nf6 4. Bg5 Be7 5. e5 Nfd7 6. Bxe7 Qxe7 7. Nf3 a6 8.
Bd3 c5 9. dxc5 Nc6 10. O-O Nxc5 11. Qe2 Bd7 12. Rad1 O-O 13. a3 f6 14. Qe3 Nxd3
15. Rxd3 Rac8 16. Re1 fxe5 17. Nxe5 Nxe5 18. Qxe5 Qf7 19. f3 Rc4 20. Re2 b6 21.
Rd4 b5 22. Rxc4 bxc4 23. Qc7 Bc8 24. Qxf7+ Kxf7 25. Kf2 Bd7 26. g3 g5 27. Nd1
Bc6 28. h4 gxh4 29. gxh4 d4 30. f4 Ke7 31. Kg3 Rg8+ 32. Kh3 Bf3 33. Rd2 Rb8 34.
Rxd4 Bxd1 35. Rxd1 Rxb2 36. Rd2 Ra2 37. Kg4 Rxa3 38. Kg5 Rg3+ 39. Kh6 c3 40.
Rd4 Rg2 41. h5 Rxc2 42. Rc4 Kf6 43. Kxh7 Rh2 44. h6 c2 45. Rc8 Rg2 46. Rf8+ Ke7
47. Rc8 a5 48. Kh8 a4 49. f5 Kd7 50. Rc4 a3 51. fxe6+ Ke7 52. Rc7+ Kxe6 53. h7
Rd2 54. Rc6+ Kd7 55. Rc3 a2 56. Kg8 a1=Q 57. h8=Q Qa2+ 58. Kg7 Rg2+ 59. Kf8
Qa8+ 60. Rc8 Qf3+ 61. Qf6 61... Qxf6# {Hossa checkmated} 0-1

[Event "ICS rated blitz match"]
[Site "204.178.125.65"]
[Date "1999.09.04"]
[Round "?"]
[White "Hossa"]
[Black "bookbuilder"]
[Result "0-1"]
[WhiteElo "2569"]
[BlackElo "2666"]
[PlyCount "155"]
[EventDate "1999.??.??"]

1. e4 e5 2. Nf3 Nf6 3. Nxe5 d6 4. Nf3 Nxe4 5. d4 Bf5 6. Bb5+ c6 7. Bd3 d5 8.
O-O Be7 9. Re1 O-O 10. Nbd2 Nd6 11. Bxf5 Nxf5 12. c3 Nd7 13. Ne5 Nxe5 14. Rxe5
Nd6 15. Nb3 Nc4 16. Re2 Bd6 17. Nd2 Nxd2 18. Bxd2 Qh4 19. g3 Qg4 20. Qf1 Rae8
21. Rae1 Re6 22. Rxe6 fxe6 23. Qe2 Qxe2 24. Rxe2 Kf7 25. Be3 Ke7 26. f4 a5 27.
h4 b5 28. Kg2 Rf5 29. b3 b4 30. cxb4 axb4 31. g4 Rf7 32. Kg3 g6 33. Rc2 Kd7 34.
Rc1 Rf6 35. Rd1 Rf8 36. g5 Ra8 37. Rd2 Rc8 38. Rc2 Rf8 39. Kg4 Rf5 40. Rc1 Bc7
41. Rc5 h6 42. gxh6 Rh5 43. Bd2 Bd8 44. Bxb4 Be7 45. a3 Rxh4+ 46. Kg3 Rxh6 47.
Ra5 Bxb4 48. axb4 Rh1 49. b5 Rd1 50. Ra7+ Kd6 51. bxc6 Kxc6 52. Ra6+ Kd7 53.
Ra7+ Kd6 54. Ra6+ Ke7 55. Kg4 Rxd4 56. Kg5 Re4 57. Rb6 Kd7 58. b4 d4 59. Ra6 d3
60. Kxg6 d2 61. Ra7+ Kc6 62. Ra6+ Kd5 63. Ra1 Re1 64. Ra8 d1=Q 65. Rd8+ Ke4 66.
Rxd1 Rxd1 67. Kg5 Rb1 68. Kf6 Rxb4 69. Kxe6 Rb6+ 70. Kd7 Kxf4 71. Kc7 Ra6 72.
Kd7 Ke5 73. Kc7 Rd6 74. Kb7 Kd5 75. Kc7 Kc5 76. Kb7 Rc6 77. Ka7 Rb6 78. Ka8 {
Hossa resigns} 0-1

[Event "ICS rated blitz match"]
[Site "204.178.125.65"]
[Date "1999.08.30"]
[Round "?"]
[White "Hossa"]
[Black "bookbuilder"]
[Result "0-1"]
[WhiteElo "2544"]
[BlackElo "2585"]
[PlyCount "120"]
[EventDate "1999.??.??"]

1. e4 e5 2. Nf3 Nc6 3. Bb5 a6 4. Ba4 Nf6 5. O-O Be7 6. Bxc6 dxc6 7. Nxe5 Nxe4
8. Re1 Nd6 9. d4 O-O 10. Be3 Re8 11. Nd2 Nf5 12. c3 c5 13. Qb3 Rf8 14. Ndf3
cxd4 15. cxd4 a5 16. Rac1 c6 17. a3 a4 18. Qc2 Re8 19. Re2 Be6 20. Rce1 f6 21.
Nc4 Bd5 22. Ncd2 Qd7 23. Qd3 Bd6 24. Kh1 g6 25. Qc2 Nxe3 26. Rxe3 Bf4 27. Ne4
Kf7 28. Nc5 Qc7 29. Rxe8 Rxe8 30. Rxe8 Kxe8 31. Qd1 b5 32. h3 Kf7 33. Qe2 Qd6
34. Nd2 Qe7 35. Qxe7+ Kxe7 36. Nb1 Bc4 37. Nc3 Bc1 38. Nd1 Kd6 39. Nb7+ Ke6 40.
Na5 Bb3 41. Nxb3 axb3 42. g4 Kd5 43. Nc3+ Kc4 44. d5 cxd5 45. Nd1 Bxb2 46.
Nxb2+ Kc3 47. Nd1+ Kd2 48. Nb2 Kc2 49. a4 Kxb2 50. axb5 Kc3 51. Kg2 d4 52. b6
b2 53. b7 b1=Q 54. f3 d3 55. g5 Qb2+ 56. Kg3 d2 57. gxf6 d1=Q 58. f7 Qg1+ 59.
Kf4 Qbh2+ 60. Ke4 60... Qd4# {Hossa checkmated} 0-1

[Event "ICS rated blitz match"]
[Site "204.178.125.65"]
[Date "1999.09.06"]
[Round "?"]
[White "Hossa"]
[Black "bookbuilder"]
[Result "0-1"]
[WhiteElo "2449"]
[BlackElo "2668"]
[PlyCount "104"]
[EventDate "1999.??.??"]

1. e4 e6 2. d4 d5 3. Nc3 Nf6 4. e5 Nfd7 5. f4 c5 6. Nf3 cxd4 7. Nxd4 a6 8. Bd3
Bb4 9. O-O Bc5 10. Nce2 Nc6 11. c3 O-O 12. Kh1 Qh4 13. Rf3 Qe7 14. Rh3 h6 15.
Rg3 Qh4 16. Nxc6 bxc6 17. Nd4 Bb7 18. b3 Bb6 19. Be3 Rab8 20. Qc2 Bc7 21. Rh3
Qe7 22. c4 c5 23. Ne2 d4 24. Bf2 f6 25. Bh4 g5 26. exf6 Qxf6 27. fxg5 hxg5 28.
Bg3 Ne5 29. Bh7+ Kg7 30. Re1 Ng4 31. Qb1 Bxg3 32. Rxg3 Nf2+ 33. Kg1 Nh3+ 34.
Kh1 Qf2 35. Rg1 Qxg1+ 36. Qxg1 Nxg1 37. Kxg1 Kxh7 38. Rxg5 d3 39. Nc3 Rbc8 40.
Re5 Rf6 41. Rh5+ Kg6 42. Re5 Rcf8 43. h3 Rf1+ 44. Kh2 R8f2 45. Ne4 Bxe4 46.
Rxe4 d2 47. Rxe6+ Rf6 48. Rxf6+ Kxf6 49. Kg3 d1=Q 50. Kh4 Qd4+ 51. g4 Rf5 52.
a3 52... Qf2# {Hossa checkmated} 0-1

[Event "ICS rated blitz match"]
[Site "204.178.125.65"]
[Date "1999.09.07"]
[Round "?"]
[White "Hossa"]
[Black "brutus"]
[Result "1-0"]
[WhiteElo "2500"]
[BlackElo "2060"]
[PlyCount "65"]
[EventDate "1999.??.??"]

1. d4 Nf6 2. e3 g6 3. Bd3 Bg7 4. Nf3 O-O 5. O-O d5 6. c3 Bg4 7. b3 Nbd7 8. Nbd2
Re8 9. Ba3 e5 10. Be2 e4 11. Ne1 h5 12. Nc2 Nf8 13. Bxg4 Nxg4 14. f3 exf3 15.
Qxf3 f5 16. c4 Ne6 17. Qxd5 Qh4 18. Nf3 Qf6 19. Qxb7 Rad8 20. Rae1 Ng5 21. Qxc7
Ne4 22. Qxa7 Bh6 23. Qa5 Ng5 24. Nxg5 Qxg5 25. Bc1 Qh4 26. h3 Nf6 27. a3 Ne4
28. Qa6 Kh7 29. Qb7+ Kh8 30. Qf7 Rg8 31. Bb2 Bg7 32. Qxg6 Bf6 33. Qh6# {
brutus checkmated} 1-0

[Event "ICS rated blitz match"]
[Site "204.178.125.65"]
[Date "1999.10.05"]
[Round "?"]
[White "Hossa"]
[Black "brutus"]
[Result "1-0"]
[WhiteElo "2437"]
[BlackElo "2194"]
[PlyCount "103"]
[EventDate "1999.??.??"]

1. d4 Nf6 2. c4 g6 3. Nc3 d5 4. cxd5 Nxd5 5. e4 Nxc3 6. bxc3 Bg7 7. Nf3 O-O 8.
Ba3 b6 9. Bc4 Bb7 10. Qe2 Nd7 11. O-O c5 12. Rac1 Qc7 13. Qe3 Rac8 14. Rfd1 e5
15. d5 Qd6 16. Bb5 Nf6 17. Bd3 Ne8 18. c4 Qd7 19. Bb2 f6 20. Bf1 Nd6 21. a3
Rce8 22. Rb1 Ba6 23. Nd2 Qg4 24. Be2 Qd7 25. Rbc1 Bc8 26. Bd3 f5 27. Qh3 f4 28.
Qxd7 Bxd7 29. Re1 Rb8 30. Be2 Rfe8 31. Ba1 a6 32. Rc2 b5 33. cxb5 axb5 34. Rxc5
Rec8 35. Rec1 Rxc5 36. Rxc5 Kf7 37. Nf3 Bg4 38. Ng5+ Kf6 39. Nxh7+ Ke7 40. Bxg4
g5 41. Rc7+ Kd8 42. Rd7+ Ke8 43. Rxg7 Rb7 44. Rxb7 Nxb7 45. Bxe5 Nc5 46. Nxg5
Nd3 47. Bf6 b4 48. axb4 Nxb4 49. d6 Nc6 50. d7+ Kf8 51. Be6 f3 52. Nh7# {
brutus checkmated} 1-0